000 01416nam a2200289 i 4500
001 7872
003 ES-MaACL
005 20230906145330.0
008 910516s1989 sp ||||1| spa d
020 _a84-7232-527-X
080 _a325(460:5-11)(091)(063)
080 _a94(599)"1521/1812"(063)
080 _a94(=1.460:5-11)(063)
111 2 _aSimposium Internacional El Extremo Oriente Ibérico (
_n1º.
_d1988.
_cMadrid)
_9172614
245 1 0 _aExtremo Oriente ibérico
_b: investigaciones históricas : metodología y estado de la cuestión : actas del primer Simposium Internacional (Madrid, 7-10 de noviembre, 1988) /
_cprepararon la edición, Francisco de Solano, Florentino Rodao, Luis E. Togores.
260 _aMadrid :
_bAgencia Española de Cooperación Internacional :
_bCentro de Estudios Históricos, Departamento de Historia de América,
_c1989.
300 _a661 p. ;
_c24 cm.
650 4 _aEspañoles-
_zAsia oriental-
_vCongresos y asambleas.
_9172615
651 4 _aEspaña-
_xColonias-
_zAsia-
_vCongresos y asambleas.
_9172616
651 4 _aFilipinas-
_xHistoria-
_y1521-1812.
_98659
700 1 _aSolano, Francisco de.
_9107078
700 1 _aRodao García, Florentino.
_9147859
700 1 _aTogores Sánchez, Luis Eugenio.
_9110423
710 2 _aAgencia Española de Cooperación Internacional.
_91266
710 2 _aCentro de Estudios Históricos (1985-1999)
_92639
852 _aES-MaACL
_jL-15143
999 _c7872
_d7872